| 000 -LEADER |
| fixed length control field |
00350nam a2200145Ia 4500 |
| 008 - FIXED-LENGTH DATA ELEMENTS--GENERAL INFORMATION |
| fixed length control field |
250402s9999 xx 000 0 und d |
| 020 ## - INTERNATIONAL STANDARD BOOK NUMBER |
| International Standard Book Number |
9789390742707 |
| 082 ## - DEWEY DECIMAL CLASSIFICATION NUMBER |
| Classification number |
947 |
| Item number |
FIT-T |
| 100 ## - MAIN ENTRY--PERSONAL NAME |
| Personal name |
FITZPATRICK SHEILA |
| 245 #4 - TITLE STATEMENT |
| Title |
THE SHORTEST HISTORY OF THE SOVIET UNION |
| 250 ## - EDITION STATEMENT |
| Edition statement |
1 |
| 260 ## - PUBLICATION, DISTRIBUTION, ETC. |
| Name of publisher, distributor, etc. |
PIEADOR INDIA |
| Date of publication, distribution, etc. |
2022 |
| 300 ## - PHYSICAL DESCRIPTION |
| Extent |
248 |
| 942 ## - ADDED ENTRY ELEMENTS (KOHA) |
| Koha item type |
Reference Book |